000 00771nam a22002297a 4500
003 0
005 20241018121558.0
008 241018b xxu||||| |||| 00| 0 eng d
020 _a9781265204549
050 _aML 3545
_b.B35 2024
100 _aBakan, Michael B.,
_eauthor.
245 _aWorld music :
_btraditions and transformations /
_cMichael B. Bakan, Heidi Senungetuk, Stephanie Shonekan.
250 _a4th ed.
260 _aNew York, NY :
_bMcGraw Hill LLC.,
_c2024.
300 _axxxvii, 490 p. :
_bill. ;
_c26 cm.
504 _aIncludes bibliographical references and index.
650 _aWorld music
_vHistory and criticism.
650 _aWorld music.
700 _aSenungetuk, Heidi,
_eauthor.
700 _aShonekan, Stephanie,
_eauthor.
942 _2lcc
_cBK
999 _c366586
_d366586